| 000 | 00774nam a2200193 i 4500 | ||
|---|---|---|---|
| 001 | 154770 | ||
| 003 | ES-MaACL | ||
| 005 | 20251013220214.0 | ||
| 008 | 040707s1863 fr |||| | fre d | ||
| 040 |
_aCAM _bspa _cCAM |
||
| 100 | 1 |
_aGratry, Auguste-Joseph-Alphonse, _d1805-1872 _9127542 |
|
| 245 | 1 | 4 |
_aUne étude sur la sophistique contemporaine ou lettre a M. Vacherot / _cpar le P. Gratry ; avec la réponse de M. Vacherot et la réplique du P. Gratry. |
| 250 | _a3me. éd. | ||
| 260 |
_aParis : _bCharles Douniol : _bJ. Lecoffre et Cie., _c1863 ( _ftypographie de Ad. Lainé et J. Havard) |
||
| 300 |
_aXII, 292 p. ; _c23 cm. |
||
| 700 | 1 |
_aVacherot, Étienne, _d1809-1897 _9133481 |
|
| 852 |
_aES-MaACL _jG-12540 _z-- Enc. hol. |
||
| 999 |
_c154770 _d154770 |
||